000 00428nam a22001457a 4500
999 _c5869
_d5869
005 20251121100814.0
008 251121b ||||| |||| 00| 0 eng d
040 _cKH8
082 _a500 SCH
100 _aSCHOLASTIC
245 _aFIERCE AND FEROCIOUS
260 _aEuston House,24 Eversholt Street,London NW1 1DB
_bScholastic Children's Books
_c©2019
300 _a15 pages
_bcolour illustration
_c15cm x 22 cm
942 _2ddc
_cER